[Event "Titled Tuesday intern op 13th Aug Late"]
[Site "Chess.com INT"]
[Date "2024.08.13"]
[Round "9"]
[White "Dubnevych, Maksym"]
[Black "Mazurkiewicz, Michal"]
[Result "1-0"]
[WhiteElo "2267"]
[BlackElo "2224"]
[PlyCount "87"]
[EventDate "2024.08.13"]
[EventType "swiss (blitz)"]
[EventRounds "11"]
[EventCountry "USA"]
[SourceTitle "EXT 2025"]
[Source "ChessBase"]
[SourceDate "2024.10.14"]
[SourceVersion "1"]
[SourceVersionDate "2024.10.14"]
[SourceQuality "1"]

1. d4 Nf6 2. c4 e5 3. dxe5 Ng4 4. e4 Nxe5 5. f4 Nec6 6. Nc3 Bc5 7. Nf3 d6 8. Qe2 Bg4 9. Be3 Nd4 10. Bxd4 Bxd4 11. Qd3 Bxc3+ 12. Qxc3 0-0 13. Nd2 Nc6 14. Bd3 Qh4+ 15. g3 Qh3 16. Bf1 Qh5 17. Bg2 Qc5 18. Nb3 Qb4 19. Qxb4 Nxb4 20. Kd2 f6 21. Kc3 a5 22. h3 Be6 23. Nd4 Bf7 24. a3 Na6 25. Nb5 Rfd8 26. Rhe1 c6 27. Nd4 Nc5 28. Rad1 a4 29. Nf5 b5 30. Nxd6 bxc4 31. e5 fxe5 32. fxe5 Rab8 33. Nxf7 Kxf7 34. Kxc4 Ne6 35. Rd6 Rxb2 36. Bxc6 Rc2+ 37. Kb5 Rb8+ 38. Ka6 Nc7+ 39. Ka7 Rcb2 40. Rd7+ Ke6 41. Rxc7 R8b3 42. Bd7+ Ke7 43. Bxa4+ Kd8 44. Rd7+ 1-0

[Event "Titled Tuesday intern op 13th Aug Early"]
[Site "Chess.com INT"]
[Date "2024.08.13"]
[Round "9"]
[White "Mazurkiewicz, Michal"]
[Black "Bilan, Danila"]
[Result "0-1"]
[WhiteElo "2224"]
[BlackElo "2303"]
[PlyCount "78"]
[EventDate "2024.08.13"]
[EventType "swiss (blitz)"]
[EventRounds "11"]
[EventCountry "USA"]
[SourceTitle "EXT 2025"]
[Source "ChessBase"]
[SourceDate "2024.10.14"]
[SourceVersion "1"]
[SourceVersionDate "2024.10.14"]
[SourceQuality "1"]

1. e4 c6 2. d3 d5 3. Nd2 e5 4. Ngf3 Bd6 5. d4 exd4 6. exd5 Nf6 7. dxc6 Nxc6 8. Nb3 Bg4 9. Be2 0-0 10. 0-0 Qc7 11. h3 Bxf3 12. Bxf3 Rad8 13. Bg5 Be5 14. Bxc6 Qxc6 15. Re1 Rd5 16. f4 Bc7 17. Qf3 Rfd8 18. Rad1 h6 19. Bh4 Qd6 20. Bf2 Qxf4 21. Qxf4 Bxf4 22. Rxd4 Rxd4 23. Bxd4 b6 24. Bxf6 gxf6 25. Kf2 h5 26. Kf3 Be5 27. c3 Rd3+ 28. Ke4 Rd7 29. Kf5 Kg7 30. Re2 a5 31. a4 Rd1 32. g4 hxg4 33. Rg2 Rf1+ 34. Kxg4 Rf4+ 35. Kh5+ Kh7 36. Nd2 Rf5+ 37. Kg4 Rf4+ 38. Kh5 f5 39. Kg5 f6+ 0-1

[Event "Titled Tuesday intern op 13th Aug Early"]
[Site "Chess.com INT"]
[Date "2024.08.13"]
[Round "5"]
[White "Mazurkiewicz, Michal"]
[Black "Erten, Kerem"]
[Result "0-1"]
[WhiteElo "2224"]
[BlackElo "2331"]
[PlyCount "60"]
[EventDate "2024.08.13"]
[EventType "swiss (blitz)"]
[EventRounds "11"]
[EventCountry "USA"]
[SourceTitle "EXT 2025"]
[Source "ChessBase"]
[SourceDate "2024.10.14"]
[SourceVersion "1"]
[SourceVersionDate "2024.10.14"]
[SourceQuality "1"]

1. e4 c6 2. d3 d5 3. Nd2 e5 4. Ngf3 Bd6 5. d4 exd4 6. exd5 Nf6 7. dxc6 Nxc6 8. Nb3 0-0 9. Be2 Bg4 10. 0-0 Bxf3 11. Bxf3 Qc7 12. h3 Rad8 13. Bg5 Be5 14. Re1 h6 15. Bh4 g5 16. Bxc6 bxc6 17. Rxe5 Qxe5 18. Bg3 Qd5 19. f3 c5 20. Nd2 c4 21. b3 c3 22. Nc4 d3 23. cxd3 Qxd3 24. Qc1 Rfe8 25. Kh1 Re2 26. Qf1 Nh5 27. Bh2 c2 28. Ne5 Rxe5 29. Bxe5 Qxf1+ 30. Rxf1 Rd1 0-1